000 00645cam a22002291a 4500
001 he 68001414
003 DLC
005 20260227111458.0
008 841029s1967 is 000 0 hebr
010 _ahe 68001414
035 _a(OCoLC)19193614
040 _aDLC
_cMH
_dAzU
_dDLC
042 _apremarc
050 0 0 _aPJ5054.T317
_bH62 1967
100 1 _aTammuz, Benjamin,
_d1919-
245 1 0 _aḤolot ha-zahav /
_cBinyamin Tamuz.
260 _a[Tel Aviv] :
_b[Ḳetsin ḥinukh rashi, ʻAnaf haśkalah],
_c[1967]
300 _a94 p. ;
_c15 cm.
440 0 _aSifriyat Tarmil ;
_v41
500 _aShort stories.
752 _aIsrael
_dTel Aviv
999 _c33290
_d33290